El Marqués de Sade / (Record no. 15676)
[ view plain ]
| 000 -LEADER | |
|---|---|
| campo de control de longitud fija | 00657nam a2200205 i 4500 |
| 001 - NÚMERO DE CONTROL | |
| campo de control | 15676 |
| 003 - IDENTIFICADOR DE NÚMERO DE CONTROL | |
| campo de control | ES-MaACL |
| 005 - FECHA Y HORA DE LA ÚLTIMA TRANSACCIÓN | |
| campo de control | 20240312145958.0 |
| 007 - CAMPO FIJO DE DESCRIPCIÓN FÍSICA--INFORMACIÓN GENERAL | |
| campo de control de longitud fija | t| |
| 008 - DATOS DE LONGITUD FIJA--INFORMACIÓN GENERAL | |
| campo de control de longitud fija | 000504s1956 ag ||||1| spa d |
| 080 ## - NÚMERO DE LA CLASIFICACIÓN DECIMAL UNIVERSAL | |
| Número de la Clasificación Decimal Universal | 929 Sade, marquis de |
| 100 0# - ENTRADA PRINCIPAL--NOMBRE DE PERSONA | |
| Nombre de persona | Beauvoir, Simone de, |
| Fechas asociadas al nombre | 1908-1986 |
| 9 (RLIN) | 26850 |
| 245 13 - MENCIÓN DEL TÍTULO | |
| Título | El Marqués de Sade / |
| Mención de responsabilidad, etc. | Simone de Beauvoir ; [traducción por J.E. de la Sota. |
| 260 ## - PUBLICACIÓN, DISTRIBUCIÓN, ETC. | |
| Lugar de publicación, distribución, etc. | Buenos Aires : |
| Nombre del editor, distribuidor, etc. | Ediciones Leviatán, |
| Fecha de publicación, distribución, etc. | [1956] |
| 300 ## - DESCRIPCIÓN FÍSICA | |
| Extensión | 142 p. ; |
| Dimensiones | 20 cm. |
| 600 14 - PUNTO DE ACCESO ADICIONAL DE MATERIA--NOMBRE DE PERSONA | |
| Nombre de persona | Sade, |
| Títulos y otros términos asociados al nombre | marquis de, |
| Fechas asociadas al nombre | 1740-1814 |
| 9 (RLIN) | 101276 |
| 700 1# - ENTRADA AGREGADA--NOMBRE PERSONAL | |
| Nombre de persona | Sota, J.E. de la. |
| 9 (RLIN) | 107452 |
| 852 ## - LOCALIZACIÓN | |
| Ubicación | ES-MaACL |
| Número de control de estantería | L-23072 |
| Sublocalización o colección | R.128250 |
| Estatus retirado | Estado de pérdida | Estado de daño | No para préstamo | Biblioteca de origen | Biblioteca actual | Ubicación en estantería | Fecha de adquisición | Fuente de adquisición | Total de préstamos | Signatura topográfica completa | Código de barras | Visto por última vez | Precio de reemplazo | Tipo de ítem Koha |
|---|---|---|---|---|---|---|---|---|---|---|---|---|---|---|
| Biblioteca del Ateneo de Madrid | Biblioteca del Ateneo de Madrid | Depósito 2 | 17/01/2008 | L-23072 | 1015935 | 23/02/2023 | 23/02/2023 | Libro impreso |
